000 00997nam a2200229 a 4500
003 AM-YEHGA
040 _aAM-YEHGA
001 1424421
005 20260403152027.0
008 181122s1877 ru ||||gr|||||||0|||rus||
041 0 _arus
100 1 _aГораций, Квинт Флакк
_d65-8 до н. э
245 1 0 _aИзбранные сатиры Горация для средних учебных заведений /
_cЛатинский текст с русскими примеч. и со статьею о Горации проф. В. И. Модестова.
260 _aСанкт-Петербург :
_bТип. В. Киршбаума,
_c1877.
300 _aКн.
_c21 см.
505 0 0 _gКн. 1: (1877. VIII, 65 с.)
546 _aКн. на рус. и лат. яз.
650 1 4 _aРимская литература
653 0 _aЛатинский язык - Учебные тексты
700 1 _aМодестов, В. И.
_eавт. предисл.
942 _2udc
_cBK
999 _c542069
_d542069